000 00781nam a22001937a 4500
999 _c188129
_d188129
005 20220510161021.0
010 _aUR-11543
020 _c400.00
_a9789383239917
035 _aU-10098
037 _bDBAD/PUB
_a-
082 _a841
_2Ist
100 _aسيد شا ہ محمد عثما ن ر خشا ں ا بد ا لی
245 _aکليا ت ر خشا ں ا بد ا لی
_c سيد شا ہ محمد عثما ن ر خشا ں ا بد ا لی
_hا ر د و
246 _bKulliyat-e-Rakhshan Abdali (Urdu)
_aby Shah Mohd. Usman Rakhshan Abdali
260 _aN.Delhi
_bApplied Books
_c2021ء
270 _a1739/104,M.P. Street Pataudi House Darya Ganj ,
_bNew Delhi
_e110002
_k23266347
_l-
300 _a288 ص
_c22 Cm(Hb)
942 _2ddc
_cUR
_h841
_mر خ ش